书目信息 |
| 题名: |
丹麦王国史
|
|
| 作者: | 帕利·劳林 著 ;华中师范学院《丹麦王国史》翻译组 译 | |
| 分册: | ||
| 出版信息: | 武汉 湖北人民出版社 1973.12 |
|
| 页数: | 441页 | |
| 开本: | 20cm | |
| 丛书名: | ||
| 单 册: | ||
| 中图分类: | K534.0 | |
| 科图分类: | ||
| 主题词: | 北欧--历史 | |
| 电子资源: | ||
| ISBN: | ||
| 000 | 00764nam0 2200217 45 | |
| 001 | 0212171488 | |
| 005 | 20031219104102.5 | |
| 010 | @dCNY1.54 | |
| 100 | @a20021217d1973 km y0chiy0120 ea | |
| 101 | 0 | @achi |
| 105 | @a z 000yy | |
| 200 | 1 | @a丹麦王国史@ADan Mai Wang Guo Shi@f帕利·劳林著@FPa Li·Lao Lin Zhu@g华中师范学院《丹麦王国史》翻译组译 |
| 210 | @a武汉@c湖北人民出版社@d1973.12 | |
| 215 | @a441页@d20cm@c附图:照片 | |
| 300 | @a本书是供内部参考用的,写文章时务请核对原文,并在注明出处时用原著版本。 | |
| 606 | 0 | @a北欧@x历史 |
| 690 | @aK534.0@v3 | |
| 701 | 0 | @a帕利·劳林@4著 |
| 702 | 0 | @a华中师范学院《丹麦王国史》翻译组@AHua Zhong Shi Fan Xue Yuan《Dan Mai Wang Guo Shi》Fan Yi Zu@4译 |
| 801 | @aCN@bTSTC@c20021217 | |
| 905 | @f1@b219122@dK534.0@e1 | |
| 丹麦王国史/帕利·劳林著/华中师范学院《丹麦王国史》翻译组译.-武汉:湖北人民出版社,1973.12 |
| 441页;20cm:附图:照片 |
| 本书是供内部参考用的,写文章时务请核对原文,并在注明出处时用原著版本。 |
| ISBN :CNY1.54 |
| ● |
| 相关链接 |
|
|
|
|
正题名:丹麦王国史
索取号:K534.0/1
 
预约/预借
| 序号 | 登录号 | 条形码 | 馆藏地/架位号 | 状态 | 备注 |
| 1 | 0219122 | 001736278 | 第二样本阅览室/ [索取号:K534.0/1] | 在馆 |